| 000 | 00438nam a22001577a 4500 | ||
|---|---|---|---|
| 003 | LK-CoUSC | ||
| 005 | 20240726113111.0 | ||
| 008 | 240726b CE ||||| |||| 00| 0 eng d | ||
| 020 | _a9780170352550 | ||
| 040 | _ca | ||
| 100 | _anl Fnid | ||
| 245 | _aentrepreneurship | ||
| 650 | _2Management | ||
| 856 |
_3Tap here for eBook _uhttps://drive.google.com/file/d/1Qzh_9XzTEQ5AxF3f4I4jfraphzTHXLrm/view?usp=sharing |
||
| 942 |
_2ddc _cEB _n0 |
||
| 999 |
_c55983 _d55983 |
||
| 945 |
_a1 _bMadushi Gamage _c1 _dMadushi Gamage |
||